| 000 | 00486cam a2200205 4500 | ||
|---|---|---|---|
| 001 | D6620 | ||
| 008 | 090401t1981 xxu||||| |||| 00| 0 eng d | ||
| 035 | _a(Sirsi) u2031 | ||
| 041 | _aeng | ||
| 050 | _a711.1 | ||
| 100 | _aLee, Michael | ||
| 245 | _aPlanning enquiry study three | ||
| 260 |
_aLondon _bDonaldsons _c1981 |
||
| 300 | _av. 156p. 30cm | ||
| 350 | _a20 | ||
| 490 |
_aDonaldsons Research Report _v8 |
||
| 700 | _aRoberts, Cynthia | ||
| 942 | _n0 | ||
| 948 | _c04/03/1997 | ||
| 999 |
_c85721 _d85721 |
||